Library Logo

Pioneer International University Library Catalogue

INNOCENCE LONG LOST (Record no. 9683)

MARC details
000 -LEADER
fixed length control field 00400nam a22001457a 4500
003 - CONTROL NUMBER IDENTIFIER
control field OSt
005 - DATE AND TIME OF LATEST TRANSACTION
control field 20251021110031.0
008 - FIXED-LENGTH DATA ELEMENTS--GENERAL INFORMATION
fixed length control field 251021b |||||||| |||| 00| 0 eng d
020 ## - INTERNATIONAL STANDARD BOOK NUMBER
International Standard Book Number 9966951334
040 ## - CATALOGING SOURCE
Transcribing agency SASA SEMA PUBLICATIONS LTD
050 ## - LIBRARY OF CONGRESS CALL NUMBER
Classification number PR 9408.9 .W35 2005
245 ## - TITLE STATEMENT
Title INNOCENCE LONG LOST
Statement of responsibility, etc. WALIBORA, KEN
260 ## - PUBLICATION, DISTRIBUTION, ETC.
Place of publication, distribution, etc. NAIROBI, KENYA
Name of publisher, distributor, etc. SASA SEMA PUBLICATIONS LTD
Date of publication, distribution, etc. 2005
942 ## - ADDED ENTRY ELEMENTS (KOHA)
Source of classification or shelving scheme Library of Congress Classification
Koha item type Books
Suppress in OPAC No

No items available.